BIBLIOTECA

SENCICO

Cómo realizar buenos informes : (Registro nro. 4283)

Detalles MARC
000 -LEADER
fixed length control field 01119nam a22002657a 4500
003 - CONTROL NUMBER IDENTIFIER
control field PE SENCICO BE
005 - DATE AND TIME OF LATEST TRANSACTION
control field 20251020182641.0
008 - FIXED-LENGTH DATA ELEMENTS--GENERAL INFORMATION
fixed length control field 230819b |||||||| |||| 00| 0 eng d
020 ## - INTERNATIONAL STANDARD BOOK NUMBER
International Standard Book Number 978-958-762-177-8
040 ## - CATALOGING SOURCE
Original cataloging agency PE SENCICO BE
Transcribing agency PE SENCICO BE
082 ## - DEWEY DECIMAL CLASSIFICATION NUMBER
Classification number 001.42
Item number C77
100 1# - MAIN ENTRY--PERSONAL NAME
9 (RLIN) 1396
Personal name Córcoles Cubero, Ana Isabel
Relator term autor
245 1# - TITLE STATEMENT
Title Cómo realizar buenos informes :
Remainder of title sorprenda con informes claros, directos y concisos /
Statement of responsibility, etc. Ana Isabel Córcoles Cubero
260 ## - PUBLICATION, DISTRIBUTION, ETC.
Place of publication, distribution, etc. Bogotá :
Name of publisher, distributor, etc. ediciones de la U :
-- FC editorial ;
Date of publication, distribution, etc. 2013
300 ## - PHYSICAL DESCRIPTION
Extent 135 páginas :
Other physical details diagramas ;
Dimensions 24 cm.
440 ## - SERIES STATEMENT/ADDED ENTRY--TITLE
9 (RLIN) 1322
Title Administración
505 0# - FORMATTED CONTENTS NOTE
Formatted contents note Introducción – Definición de objetivos – El Informe – Estructura de un informe - Psicología del lector – Recursos y técnicas de Redacción del siglo XXI – Resumen final.
650 10 - SUBJECT ADDED ENTRY--TOPICAL TERM
9 (RLIN) 1397
Topical term or geographic name entry element Redacción de informes
650 20 - SUBJECT ADDED ENTRY--TOPICAL TERM
9 (RLIN) 260
Topical term or geographic name entry element Metodología de la investigación
650 20 - SUBJECT ADDED ENTRY--TOPICAL TERM
9 (RLIN) 1398
Topical term or geographic name entry element Gramática
650 20 - SUBJECT ADDED ENTRY--TOPICAL TERM
9 (RLIN) 1399
Topical term or geographic name entry element Comunicación de la información técnica
650 20 - SUBJECT ADDED ENTRY--TOPICAL TERM
9 (RLIN) 1400
Topical term or geographic name entry element Psicología de la lectura
910 ## - USER-OPTION DATA (OCLC)
-- hfp
-- hfp
942 ## - ADDED ENTRY ELEMENTS (KOHA)
Source of classification or shelving scheme Dewey Decimal Classification
Koha item type Libros
Existencias
Fecha de la última vez que lo usaron Número de ingreso o de inventario Pago total Signatura topográfica completa Precio efectivo desde Tipo de documento Estado perdido Sistema de clasificación Estado dañado No es para préstamo Retirado Ubicación permanente Ubicación actual Fecha de adquisición Fuente de adquisición
19/08/2023 16607   371.30281/C77 19/08/2023 Libros   Dewey Decimal Classification       Biblioteca Central Lima Biblioteca Central Lima 26/07/2023 Comprado de la librería Libun